| 000 | 00604nam a2200217 a 4500 | ||
|---|---|---|---|
| 001 | BRCA_7669 | ||
| 005 | 20190320205934.0 | ||
| 008 | 090813s1952----enka######---#000-0#eng-# | ||
| 041 | _aeng | ||
| 044 | _aenk | ||
| 050 | 4 |
_aNK5102.5 _b.G53 1952 |
|
| 245 | 1 | 0 |
_aGlass _cVictoria and Albert Museum. |
| 260 |
_aLondres _bH. M. Stationery Off _c1952 |
||
| 300 |
_a1 v. _bil., 28 láminas _c18 cm. |
||
| 500 | _aU5 | ||
| 650 | 1 | 4 |
_aCristalería _zLondres _918928 |
| 650 | 1 | 4 |
_aGalerías y museos _zInglaterra _918929 |
| 710 | 2 |
_aVictoria and Albert Museum (Londres) _918930 |
|
| 902 | _aGFM | ||
| 942 |
_2lcc _cB |
||
| 999 |
_c7343 _d7343 |
||